Příručka hodnotové analýzy

Guardado en:
Detalles Bibliográficos
Autor principal: Vlček, Radim
Formato: Libro
Lenguaje:checo
Publicado: Praha Stát. nakl. techn. lit. 1986
Edición:2. vyd.
Etiquetas: Agregar Etiqueta
Sin Etiquetas, Sea el primero en etiquetar este registro!

MARC

LEADER 00000nam a2200000 4500
001 c103451
005 20041019155129.3
041 0 |a cze 
044 |a CZ 
245 1 0 |a Příručka hodnotové analýzy  |c Radim Vlček 
250 |a 2. vyd. 
264 1 |a Praha  |b Stát. nakl. techn. lit.  |c 1986 
300 |a 302 s. 
100 1 |a Vlček, Radim